Normal view
MARC view
Entry Personal Name
001 - CONTROL NUMBER
- control field: 35189
003 - CONTROL NUMBER IDENTIFIER
- control field: dpl
005 - DATE AND TIME OF LATEST TRANSACTION
- control field: 20111003105453.0
008 - FIXED-LENGTH DATA ELEMENTS
- fixed length control field: 111003|||a|||||| | ||| d
040 ## - CATALOGING SOURCE
- Original cataloging agency: dpl
- Transcribing agency: dpl
100 ## - HEADING--PERSONAL NAME
- Personal name: पाराशर, रीमा
670 ## - SOURCE DATA FOUND
- Source citation: Work cat.: (dpl)55806: पाराशर, रीमा , मौसम के प्रयोग /, 2005
670 ## - SOURCE DATA FOUND
- Source citation: Work cat.: (dpl)55806: पाराशर, रीमा , मौसम के प्रयोग /, 2005
